LEADER 01043nam 22003973 450 001 9910826105603321 005 20231110220401.0 010 $a80-246-3889-4 010 $a80-246-3887-8 035 $a(CKB)4940000000159673 035 $a(MiAaPQ)EBC5996830 035 $a(Au-PeEL)EBL5996830 035 $a(OCoLC)1134073778 035 $a(EXLCZ)994940000000159673 100 $a20210901d2020 uy 0 101 0 $aeng 135 $aurcnu|||||||| 181 $ctxt$2rdacontent 182 $cc$2rdamedia 183 $acr$2rdacarrier 200 12$aA Czech Dreambook 210 1$aPrague :$cKarolinum Press,$d2020. 210 4$dİ2020. 215 $a1 online resource (576 pages) 225 1 $aModern Czech Classics 311 $a80-246-3852-5 410 0$aModern Czech Classics 676 $a891.8635 700 $aVaculi?k$b Ludvi?k$0450345 801 0$bMiAaPQ 801 1$bMiAaPQ 801 2$bMiAaPQ 906 $aBOOK 912 $a9910826105603321 996 $aA Czech Dreambook$93944009 997 $aUNINA LEADER 01990oas 22008053 450 001 9910143523303321 005 20260218112124.0 035 $a(DE-599)ZDB2271498-4 035 $a(OCoLC)76962942 035 $a(CONSER) 2017202594 035 $a(CKB)954927529837 035 $a(DE-599)2271498-4 035 $a(EXLCZ)99954927529837 100 $a20061213b19641990 uy a 101 0 $aeng 135 $aurun||||||a|a 181 $ctxt$2rdacontent 182 $cc$2rdamedia 183 $acr$2rdacarrier 200 14$aThe Cleft palate journal 210 1$a[Pittsburgh, Pa., etc.] :$cAmerican Cleft Palate Association,$d1964-1990. 311 08$a0009-8701 531 0 $aCleft palate j. 606 $aCleft palate$vPeriodicals 606 $aCleft Lip 606 $aCleft Palate 606 $aCleft palate$2fast$3(OCoLC)fst00863979 608 $aPeriodical. 608 $aPeriodicals.$2fast 615 0$aCleft palate 615 2$aCleft Lip. 615 2$aCleft Palate. 615 7$aCleft palate. 676 $a617/.5225043 712 02$aAmerican Cleft Palate Association 712 02$aAmerican Cleft Palate-Craniofacial Association 712 02$aUniversity of Pittsburgh.$bUniversity Library System.$bDigital Research Library. 801 0$bPIT 801 1$bPIT 801 2$bTOH 801 2$bOCLCQ 801 2$bOCLCF 801 2$bOCLCO 801 2$bOCLCQ 801 2$bOCLCS 801 2$bOCLCQ 801 2$bVT2 801 2$bOCLCO 801 2$bOCLCA 801 2$bUAB 801 2$bDLC 801 2$bBUF 801 2$bOCLCQ 801 2$bAU@ 801 2$bOCLCO 801 2$bWYU 801 2$bOCLCA 801 2$bOCLCQ 801 2$bOCLCO 801 2$bOCLCQ 801 2$bOCLCO 801 2$bOCL 801 2$bOCLCA 801 2$bFUG 801 2$bOCLCL 801 2$bOCLCQ 906 $aJOURNAL 912 $a9910143523303321 996 $aThe Cleft palate journal$92576976 997 $aUNINA